<?xml version="1.0" encoding="UTF-8"?>
<record
    xmlns:xsi="http://www.w3.org/2001/XMLSchema-instance"
    xsi:schemaLocation="http://www.loc.gov/MARC21/slim http://www.loc.gov/standards/marcxml/schema/MARC21slim.xsd"
    xmlns="http://www.loc.gov/MARC21/slim">

  <leader>00384nam a2200145Ia 4500</leader>
  <controlfield tag="008">191201s2012    xx            000 0 und d</controlfield>
  <datafield tag="082" ind1=" " ind2=" ">
    <subfield code="a">620.1</subfield>
    <subfield code="b">GRA</subfield>
  </datafield>
  <datafield tag="100" ind1=" " ind2=" ">
    <subfield code="a">GROOVER,Mikell P</subfield>
  </datafield>
  <datafield tag="245" ind1=" " ind2="0">
    <subfield code="a">Automation, production. Systems, and Computer integrated manufacturing</subfield>
  </datafield>
  <datafield tag="250" ind1=" " ind2=" ">
    <subfield code="a">3rd</subfield>
  </datafield>
  <datafield tag="260" ind1=" " ind2=" ">
    <subfield code="a">N. delhi</subfield>
    <subfield code="b">PHI</subfield>
    <subfield code="c">2012</subfield>
  </datafield>
  <datafield tag="300" ind1=" " ind2=" ">
    <subfield code="a">815</subfield>
  </datafield>
  <datafield tag="650" ind1=" " ind2=" ">
    <subfield code="a">M.Tech (ME)</subfield>
  </datafield>
  <datafield tag="942" ind1=" " ind2=" ">
    <subfield code="2">ddc</subfield>
    <subfield code="c">BK</subfield>
    <subfield code="0">8</subfield>
  </datafield>
  <datafield tag="999" ind1=" " ind2=" ">
    <subfield code="c">4996</subfield>
    <subfield code="d">4996</subfield>
  </datafield>
  <datafield tag="952" ind1=" " ind2=" ">
    <subfield code="0">0</subfield>
    <subfield code="1">0</subfield>
    <subfield code="2">ddc</subfield>
    <subfield code="4">0</subfield>
    <subfield code="7">0</subfield>
    <subfield code="8">BTECHME</subfield>
    <subfield code="a">PIET</subfield>
    <subfield code="b">PIET</subfield>
    <subfield code="d">2011-08-27</subfield>
    <subfield code="e">The book company</subfield>
    <subfield code="g">525.00</subfield>
    <subfield code="k">IN-1247</subfield>
    <subfield code="l">2</subfield>
    <subfield code="o">004.6 GRA</subfield>
    <subfield code="p">18221</subfield>
    <subfield code="r">2024-01-01 00:00:00</subfield>
    <subfield code="s">2023-12-23</subfield>
    <subfield code="w">2011-08-22</subfield>
    <subfield code="y">BK</subfield>
  </datafield>
  <datafield tag="952" ind1=" " ind2=" ">
    <subfield code="0">0</subfield>
    <subfield code="1">0</subfield>
    <subfield code="2">ddc</subfield>
    <subfield code="4">0</subfield>
    <subfield code="7">0</subfield>
    <subfield code="8">BTECHME</subfield>
    <subfield code="a">PIET</subfield>
    <subfield code="b">PIET</subfield>
    <subfield code="d">2011-08-27</subfield>
    <subfield code="e">The book company</subfield>
    <subfield code="g">525.00</subfield>
    <subfield code="k">IN-1247</subfield>
    <subfield code="l">5</subfield>
    <subfield code="o">004.6 GRA</subfield>
    <subfield code="p">18222</subfield>
    <subfield code="r">2022-12-22 00:00:00</subfield>
    <subfield code="s">2022-12-15</subfield>
    <subfield code="w">2011-08-22</subfield>
    <subfield code="y">BK</subfield>
  </datafield>
  <datafield tag="952" ind1=" " ind2=" ">
    <subfield code="0">0</subfield>
    <subfield code="1">0</subfield>
    <subfield code="2">ddc</subfield>
    <subfield code="4">0</subfield>
    <subfield code="7">0</subfield>
    <subfield code="8">BTECHME</subfield>
    <subfield code="a">PIET</subfield>
    <subfield code="b">PIET</subfield>
    <subfield code="d">2011-08-27</subfield>
    <subfield code="e">The book company</subfield>
    <subfield code="g">525.00</subfield>
    <subfield code="k">IN-1247</subfield>
    <subfield code="l">2</subfield>
    <subfield code="o">004.6 GRA</subfield>
    <subfield code="p">18223</subfield>
    <subfield code="r">2025-01-03 00:00:00</subfield>
    <subfield code="s">2024-12-26</subfield>
    <subfield code="w">2011-08-22</subfield>
    <subfield code="y">BK</subfield>
  </datafield>
  <datafield tag="952" ind1=" " ind2=" ">
    <subfield code="0">0</subfield>
    <subfield code="1">0</subfield>
    <subfield code="2">ddc</subfield>
    <subfield code="4">0</subfield>
    <subfield code="7">0</subfield>
    <subfield code="8">BTECHME</subfield>
    <subfield code="a">PIET</subfield>
    <subfield code="b">PIET</subfield>
    <subfield code="d">2011-10-11</subfield>
    <subfield code="e">UDH pub and dis Delhi</subfield>
    <subfield code="g">815.00</subfield>
    <subfield code="k">IN1317</subfield>
    <subfield code="l">0</subfield>
    <subfield code="o">004.6 GRA</subfield>
    <subfield code="p">18431</subfield>
    <subfield code="r">2019-12-04 00:00:00</subfield>
    <subfield code="w">2011-10-10</subfield>
    <subfield code="y">BK</subfield>
  </datafield>
  <datafield tag="952" ind1=" " ind2=" ">
    <subfield code="0">0</subfield>
    <subfield code="1">0</subfield>
    <subfield code="2">ddc</subfield>
    <subfield code="4">0</subfield>
    <subfield code="7">0</subfield>
    <subfield code="8">BTECHME</subfield>
    <subfield code="a">PIET</subfield>
    <subfield code="b">PIET</subfield>
    <subfield code="d">2011-10-11</subfield>
    <subfield code="e">UDH pub and dis Delhi</subfield>
    <subfield code="g">815.00</subfield>
    <subfield code="k">IN1317</subfield>
    <subfield code="l">3</subfield>
    <subfield code="o">004.6 GRA</subfield>
    <subfield code="p">18432</subfield>
    <subfield code="r">2023-12-12 00:00:00</subfield>
    <subfield code="s">2023-11-25</subfield>
    <subfield code="w">2011-10-10</subfield>
    <subfield code="y">BK</subfield>
  </datafield>
  <datafield tag="952" ind1=" " ind2=" ">
    <subfield code="0">0</subfield>
    <subfield code="1">0</subfield>
    <subfield code="2">ddc</subfield>
    <subfield code="4">0</subfield>
    <subfield code="7">0</subfield>
    <subfield code="8">BTECHME</subfield>
    <subfield code="a">PIET</subfield>
    <subfield code="b">PIET</subfield>
    <subfield code="d">2011-10-11</subfield>
    <subfield code="e">UDH pub and dis Delhi</subfield>
    <subfield code="g">815.00</subfield>
    <subfield code="k">IN1317</subfield>
    <subfield code="l">0</subfield>
    <subfield code="o">004.6 GRA</subfield>
    <subfield code="p">18433</subfield>
    <subfield code="r">2019-12-04 00:00:00</subfield>
    <subfield code="w">2011-10-10</subfield>
    <subfield code="y">BK</subfield>
  </datafield>
</record>
